Princesses Disney de la franchise - Statistiques

Statistiques générales
  • Ce quiz a été pris 771 fois
    752 depuis la dernière actualisation
  • Le résultat moyen est 10 sur 12
Statistiques - réponses
Princesses % Correct
Aurore
95%
Blanche Neige
95%
Cendrillon
95%
Belle
92%
Raiponce
90%
Mulan
89%
Ariel
87%
Pocahontas
83%
Tiana
83%
Jasmine
78%
Mérida
76%
Vaiana
76%
Aucun quiz correspondant
Distribution des résultats
% des personnes avec chaque résultat
Percentile par nombre de réponses
Votre historique - résultats
Vous n’avez pas pris ce quiz depuis la dernière actualisation